Online Catalogue and eLibrary

Iranthakalamum ethirkalamum (Record no. 3846)

MARC details
000 -LEADER
fixed length control field 00372nam a2200157Ia 4500
005 - DATE AND TIME OF LATEST TRANSACTION
control field 20250311032500.0
008 - FIXED-LENGTH DATA ELEMENTS--GENERAL INFORMATION
fixed length control field 240331s9999 xx 000 0 und d
020 ## - INTERNATIONAL STANDARD BOOK NUMBER
ISBN
082 ## - DDC Classification
Item Number - Author Mark CHA
Class No. 894
100 ## - MAIN ENTRY--PERSONAL NAME
Personal name Chandrasegaran, S
245 #0 - TITLE STATEMENT
Title Iranthakalamum ethirkalamum
260 ## - PUBLICATION, DISTRIBUTION, ETC.
Place of publication, distribution, etc. Chennai
Name of publisher, distributor, etc. Saralam
Date of publication, distribution, etc. 2004
300 ## - PHYSICAL DESCRIPTION
Extent (e.g. Volumes, Pages etc.) 160 p .,
650 ## - SUBJECT ADDED ENTRY--TOPICAL TERM
Topical term or geographic name entry element Tamaliyal Katurai
942 ## - Koha item type (Biblio)
Koha item type Books in Stacks (Lending)
Holdings
Lost status Damaged status Collection code Home library Current library Shelving location Date acquired Full call number Accession Number Item type
    Lending WERC Library WERC Library Social Science Cupboard 03/31/2024 894.811 CHA 1975 Books in Stacks (Lending)

© WERC Library